000 00792cam a2200265 a 4500
001 17365291
005 20180112074206.0
008 120628s2013 coua b 001 0 eng
010 _a 2012025118
020 _a9781936221172
020 _a9781936221363 (pbk.)
040 _aDLC
_cDLC
_dDLC
041 _aeng
042 _apcc
080 _a576.82 CAR
082 0 0 _a576.82 CAR
_223
084 _aSCI027000
_2bisacsh
100 1 _a9
101 _aMJE
245 1 0 _aEvolution :
_cCarl Zimmer, Douglas J. Emlen.
504 _aIncludes bibliographical references and index.
906 _a7
_bcbc
_corignew
_d1
_eecip
_f20
_gy-gencatlg
942 _2ddc
_cBK
999 _c40215
_d40215